000
00331nam a2200145Ia 4500
008
150201s2006 xx 000 0 und d
082
_a
611.313
_b
O2006N
100
_a
NANCI ANTONIO
245
_a
ORAL HISTOLOGY
250
_a
6TH
260
_b
MOSBY
_a
DELHI
_c
2006
300
_a
1-445
650
_a
ORAL PATHOLOGY
942
_2
ddc
_c
BK
999
_c
3525
_d
3525